000 00593nam a22001697a 4500
005 20251108170524.0
008 250721s2000 xx 000 0 ara d
082 1 4 _a657.7/راو
100 1 _aالراوي، خالد وهيب
245 1 0 _aالتحليل المالي للقوائم المالية و الإفصاح المحاسبي /
264 1 _aعمان :
_bدار المسيرة للنشر و التوزيع و الطباعة،
_c2000.
300 _a493ص
650 1 7 _aالتحليل المالي
650 1 7 _aالمحاسبة المالية
942 _2ddc
_cBK
999 _c42565
_d42565